[Event "World Youth Girls U18 2014"]
[Site "Durban RSA"]
[Date "2014.09.25"]
[Round "7.20"]
[White "Wang, Yan"]
[Black "Rodsmoen, Maud"]
[Result "1/2-1/2"]
[WhiteElo "1691"]
[BlackElo "1901"]
[WhiteFideId "2614910"]
[BlackFideId "1510550"]
[EventDate "2014.09.20"]

1. e4 e5 2. Nf3 Nc6 3. Bb5 a6 4. Bxc6 dxc6 5. h3 Nf6 6. d3 Bd6 7. Be3 Qe7 8.
Nbd2 Be6 9. Ng5 Bd7 10. Qe2 h6 11. Ngf3 O-O-O 12. O-O-O Be6 13. Kb1 Nd7 14. d4
f6 15. c4 exd4 16. Nxd4 c5 17. Nxe6 Qxe6 18. f3 Rhe8 19. Bf2 f5 20. Rhe1 f4 21.
Nb3 b6 22. Rc1 Nf8 23. Red1 Rd7 24. Rd2 Red8 25. Rcd1 Qf6 26. Nc1 Ne6 27. Nd3
Be5 28. Nxe5 Qxe5 29. Rd5 Qf6 30. Qd3 Qf7 31. Qa3 Kb7 32. Qd3 Nf8 33. Qb3 Ka7
34. Qc3 c6 35. Rxd7+ Rxd7 36. Rxd7+ Qxd7 37. Kc2 Ne6 38. Qe5 a5 39. b3 Kb7 40.
h4 Qe7 41. h5 Qf7 42. Qd6 Nc7 43. g3 Qxh5 44. Qxf4 Ne6 45. Qg4 Qxg4 46. fxg4 Kc7
47. e5 Kd7 48. Be1 Ng5 49. Kd3 Ke6 50. Bc3 Nf7 51. Ke4 Nd8 52. Kf4 g5+ 53. Ke4
Nf7 54. a4 Nh8 55. Bd2 Ng6 56. Bc3 Ne7 57. Bd2 Nc8 1/2-1/2

[Event "World Youth Girls U18 2014"]
[Site "Durban RSA"]
[Date "2014.09.25"]
[Round "7.21"]
[White "Iher, Mirjam"]
[Black "Hiebler, Laura"]
[Result "0-1"]
[WhiteElo "1389"]
[BlackElo "1901"]
[WhiteFideId "4503627"]
[BlackFideId "1617621"]
[EventDate "2014.09.20"]

1. d4 e6 2. Nf3 f5 3. Bg5 Nf6 4. Nc3 d5 5. e3 Bd6 6. Ne5 Nbd7 7. f4 c6 8. Be2
Qb6 9. Nxd7 Bxd7 10. Na4 Qa5+ 11. c3 c5 12. Bxf6 Bxa4 13. b3 Qxc3+ 14. Kf2 Bxb3
15. Bb5+ Kf7 16. axb3 gxf6 17. dxc5 Qxc5 18. Be2 Bxf4 19. Qd3 Rac8 20. g3 Bh6
21. Rhb1 a6 22. Rb2 Qc3 23. Rab1 Rhd8 24. b4 Qe5 25. Rb3 d4 26. exd4 Rxd4 27.
Qf3 Rc7 28. R1b2 Rcd7 29. b5 a5 30. b6 Rd2 31. Rxd2 Bxd2 32. h4 Qc5+ 33. Kf1 Qd5
34. Qh5+ Kg7 35. Rd3 Qh1+ 0-1

[Event "World Youth Girls U18 2014"]
[Site "Durban RSA"]
[Date "2014.09.25"]
[Round "7.22"]
[White "Kumari, S C T"]
[Black "Kahancova, Jana"]
[Result "1/2-1/2"]
[WhiteElo "1525"]
[BlackElo "1717"]
[WhiteFideId "9917390"]
[BlackFideId "14915987"]
[EventDate "2014.09.20"]

1. d4 d5 2. c4 c6 3. cxd5 cxd5 4. Nf3 Nc6 5. Nc3 Bg4 6. e3 e6 7. Bd3 Nf6 8. O-O
a6 9. a4 Bd6 10. h3 Bh5 11. Be2 O-O 12. Re1 Bc7 13. Nd2 Bg6 14. Nf1 Nb4 15. Bd2
Nc2 16. Rc1 Nxe1 17. Bxe1 Ba5 18. Ng3 Qb6 19. b3 Rac8 20. Bd2 Rc6 21. Bf3 Rfc8
22. Nge2 Bd3 23. Nxd5 exd5 24. Rxc6 Rxc6 25. Bxa5 Qxa5 26. Qxd3 Qe1+ 27. Kh2
Qxf2 28. Nf4 Qc2 29. Qxc2 Rxc2 30. Nxd5 Nxd5 31. Bxd5 b5 32. axb5 axb5 33. Kg3
Kf8 34. Kf3 Ke7 35. g3 f6 36. h4 Kd6 37. Bg8 h6 38. Bf7 Ke7 39. Bd5 f5 40. Bg8
g5 41. hxg5 hxg5 42. Bd5 Kf6 43. g4 fxg4+ 44. Kxg4 Rf2 45. Bc6 1/2-1/2

[Event "World Youth Girls U18 2014"]
[Site "Durban RSA"]
[Date "2014.09.25"]
[Round "7.23"]
[White "Adanmis, Ezgi"]
[Black "Koh, Clarise"]
[Result "1/2-1/2"]
[WhiteElo "1546"]
[BlackElo "1446"]
[WhiteFideId "6360017"]
[BlackFideId "3200388"]
[EventDate "2014.09.20"]

1. e4 c5 2. Nf3 a6 3. Nc3 Nc6 4. d4 cxd4 5. Nxd4 e5 6. Nf5 d6 7. Ne3 Nf6 8. Ned5
Be6 9. Bg5 Be7 10. Nxf6+ Bxf6 11. Bxf6 gxf6 12. Nd5 Qa5+ 13. c3 O-O-O 14. Nxf6
d5 15. b4 Qa3 16. Qc2 dxe4 17. Be2 Kb8 18. O-O Rc8 19. Rfc1 Nxb4 20. Qxe4 Nc6
21. c4 Qc5 22. Rab1 Ka8 23. Bf3 Rhd8 24. h3 Rd2 25. Be2 Rcd8 26. Rc2 Rxc2 27.
Qxc2 Nd4 28. Qb2 Nxe2+ 29. Qxe2 Bxc4 30. Qe4 Bb5 31. a4 Bc6 32. Qxh7 Qe7 33. Ng4
e4 34. Ne3 Bxa4 35. Rb6 Qc7 36. Rb4 Bc6 37. Rc4 Qf4 38. Qh5 Rd2 39. Qg4 Qxf2+
40. Kh2 Qxe3 41. Rxc6 1/2-1/2

[Event "World Youth Girls U18 2014"]
[Site "Durban RSA"]
[Date "2014.09.25"]
[Round "7.24"]
[White "Engelbrecht, Liezl"]
[Black "February, Jesse Nikki"]
[Result "0-1"]
[WhiteElo "1479"]
[BlackElo "1688"]
[WhiteFideId "14310830"]
[BlackFideId "14312336"]
[EventDate "2014.09.20"]

1. d4 Nf6 2. c4 e6 3. a3 d5 4. Nc3 c6 5. cxd5 exd5 6. Qc2 Bd6 7. Bg5 Nbd7 8. Nf3
O-O 9. e3 Re8 10. Bd3 Nf8 11. h3 Ne6 12. Bxh7+ Kh8 13. Bd3 Bf4 14. Bxf6 Qxf6 15.
O-O Bd6 16. Rfe1 Ng5 17. Nxg5 Qxg5 18. Kf1 Bh2 19. g4 Bxg4 20. hxg4 Qxg4 21. Qd1
Qh3+ 22. Ke2 Rxe3+ 23. Kd2 Rxd3+ 24. Kc2 Rxd1 25. Raxd1 Qf5+ 26. Rd3 Bd6 27. Nd1
g6 28. Kc3 Kg7 29. Rg1 Re8 30. Rg2 b5 31. Ne3 b4+ 32. Kc2 Qe6 33. a4 Bf4 34. Kb3
c5 35. dxc5 Bxe3 36. Rxe3 Qc8 37. Kxb4 Qb7+ 38. Ka3 Rb8 39. f4 d4 40. Reg3 d3
41. Ka2 Qd5+ 42. Kb1 d2 0-1

[Event "World Youth Girls U18 2014"]
[Site "Durban RSA"]
[Date "2014.09.25"]
[Round "7.26"]
[White "Al-Moaamari, Mozah"]
[Black "Nomalungelo, Mathe"]
[Result "1/2-1/2"]
[WhiteElo "1301"]
[BlackElo "1565"]
[WhiteFideId "9307010"]
[BlackFideId "11001178"]
[EventDate "2014.09.20"]

1. c4 c5 2. Nc3 Nc6 3. g3 g6 4. Bg2 Bg7 5. Nf3 e6 6. d3 Nge7 7. O-O O-O 8. Ne1
Re8 9. Nc2 d6 10. a3 a6 11. Rb1 Rb8 12. Bd2 Nd4 13. Ne3 Bd7 14. b4 cxb4 15. axb4
Bc6 16. Nc2 Bxg2 17. Kxg2 Nxc2 18. Qxc2 b5 19. cxb5 axb5 20. Rfc1 Qb6 21. Ne4
Rec8 22. Qb3 Rxc1 23. Rxc1 Rc8 24. Rxc8+ Nxc8 25. Qc2 Qb7 26. Kg1 d5 27. Nc5 Qc6
28. Qc1 Ne7 29. Qa3 h5 30. Qa6 Qxa6 31. Nxa6 Nc6 32. Nc7 Bf8 33. Nxb5 Nxb4 34.
Bxb4 Bxb4 35. e3 Kf8 36. Na7 Bc3 37. Nc6 Ke8 38. d4 f6 39. Nb8 e5 40. dxe5 fxe5
41. Kf1 d4 42. Ke2 Kf7 43. Kd3 Ke6 44. Nc6 dxe3 45. Kxe3 Bb2 46. Ke4 Kd6 47. Nb4
Ke6 48. Nd3 Ba1 49. f4 exf4 50. Nxf4+ Kf6 51. h3 Bb2 52. g4 hxg4 53. hxg4 1/2-1/2

[Event "World Youth Girls U18 2014"]
[Site "Durban RSA"]
[Date "2014.09.26"]
[Round "8.1"]
[White "Rodriguez Rueda, Paula Andrea"]
[Black "Saduakassova, Dinara"]
[Result "0-1"]
[WhiteTitle "WIM"]
[BlackTitle "WGM"]
[WhiteElo "2349"]
[BlackElo "2409"]
[WhiteFideId "4404564"]
[BlackFideId "13700090"]
[EventDate "2014.09.20"]

1. d4 Nf6 2. c4 e6 3. Nf3 Bb4+ 4. Nc3 O-O 5. e3 d5 6. Bd3 c5 7. O-O Nc6 8. a3
Ba5 9. Ne2 dxc4 10. Bxc4 Qe7 11. Qc2 cxd4 12. exd4 Bd7 13. b4 Bb6 14. Bg5 h6 15.
Bh4 Rac8 16. Rac1 Rfd8 17. Rfd1 Be8 18. Qb2 Nb8 19. Ne5 Nbd7 20. Bb5 Nxe5 21.
dxe5 Bxb5 22. Rxc8 Rxc8 23. exf6 Qc7 24. Rc1 Qd7 25. Re1 Rc4 26. Bg3 Re4 27. Qc2
Qc6 28. Qd2 Qd5 29. Qc2 Qc4 30. Qxc4 Bxc4 31. Kf1 gxf6 32. f3 Re3 33. a4 Rb3 34.
a5 Be3 35. Bf2 Bd2 36. Rd1 Bxb4 37. Rc1 Ba6 38. Be1 Bxe1 39. Kxe1 Re3 40. Rc2
Rxe2+ 0-1

[Event "World Youth Girls U18 2014"]
[Site "Durban RSA"]
[Date "2014.09.26"]
[Round "8.2"]
[White "Osmanodja, Filiz"]
[Black "Michelle Catherina, P"]
[Result "1-0"]
[WhiteTitle "WIM"]
[WhiteElo "2310"]
[BlackElo "2114"]
[WhiteFideId "24633569"]
[BlackFideId "5005736"]
[EventDate "2014.09.20"]

1. e4 c6 2. d4 d5 3. e5 Bf5 4. Nf3 e6 5. Be2 c5 6. Be3 Ne7 7. dxc5 Nd7 8. Nbd2
Nc6 9. Nb3 Bg4 10. O-O Bxf3 11. Bxf3 Ndxe5 12. Be2 Be7 13. f4 Nc4 14. Qc1 Bf6
15. c3 Nxe3 16. Qxe3 O-O 17. Rad1 Re8 18. Kh1 Qc7 19. Bd3 b6 20. Rfe1 bxc5 21.
Nxc5 Na5 22. f5 e5 23. Bb5 Red8 24. b4 Nb7 25. Na6 Qc8 26. a4 d4 27. cxd4 exd4
28. Qf3 Nd6 29. Bd3 Nc4 30. b5 Ne5 31. Qg3 Nxd3 32. Qxd3 Qc3 33. Qe4 Rac8 34.
Rd3 Qa5 35. Nc5 h6 36. Nb7 Qxa4 37. Nxd8 Rxd8 38. Qc6 Qb4 39. Re8+ Kh7 40. Rd1
Rxe8 41. Qxe8 Qb3 42. Qe2 Qd5 43. Qd3 Qa2 44. h3 Qd5 45. Ra1 Qc5 46. Rd1 Qd5 47.
Kh2 Qd6+ 48. g3 Qe5 49. Ra1 Qc7 50. Ra2 Qc5 51. Ra4 Qc7 52. Qc4 Qe7 53. h4 Qe3
54. Ra2 d3 55. Qf4 Qc5 56. Rd2 Qxb5 57. Qe4 a5 58. Qxd3 Qb4 59. Qd5 a4 60. Rg2
Qe7 61. Qc4 a3 62. Re2 Qa7 63. Qc2 Qa6 64. Qa2 Qd3 65. Rg2 Qxf5 66. Qxf7 Qe4 67.
Qb3 Bb2 68. Rf2 Qe7 69. Qc4 Bf6 70. Re2 Qd6 71. h5 g6 72. Re8 Qd2+ 73. Re2 Qd6
74. Qf7+ Bg7 75. Re8 Qd2+ 76. Kh3 gxh5 77. Qf5# 1-0

[Event "World Youth Girls U18 2014"]
[Site "Durban RSA"]
[Date "2014.09.26"]
[Round "8.3"]
[White "Styazhkina, Anna"]
[Black "Rodionova, Polina"]
[Result "0-1"]
[WhiteTitle "WIM"]
[BlackTitle "WFM"]
[WhiteElo "2203"]
[BlackElo "2090"]
[WhiteFideId "24119300"]
[BlackFideId "24102555"]
[EventDate "2014.09.20"]

1. e4 e5 2. Nf3 Nc6 3. Bb5 a6 4. Ba4 d6 5. d4 b5 6. Bb3 Nxd4 7. Nxd4 exd4 8. Bd5
Rb8 9. Bc6+ Bd7 10. Bxd7+ Qxd7 11. Qxd4 Nf6 12. O-O Be7 13. Nc3 O-O 14. f3 Qc6
15. Be3 b4 16. Nd5 Nxd5 17. exd5 Qb5 18. Qd2 Bf6 19. Rab1 Rfe8 20. Rfd1 Re7 21.
Qc1 h6 22. Rd3 Rbe8 23. Kh1 Qc4 24. h3 Qxa2 25. Bd2 Qc4 26. Ra1 Re2 27. f4 Qe4
28. Qf1 b3 29. Ra3 bxc2 30. Re3 Rxd2 31. Rxe4 Rxe4 0-1

[Event "World Youth Girls U18 2014"]
[Site "Durban RSA"]
[Date "2014.09.26"]
[Round "8.4"]
[White "Hoare, Amy B"]
[Black "Cosman, Andreea-Marioara"]
[Result "1/2-1/2"]
[WhiteElo "1981"]
[BlackElo "2018"]
[WhiteFideId "418366"]
[BlackFideId "1217968"]
[EventDate "2014.09.20"]

1. e4 c5 2. c3 d5 3. exd5 Qxd5 4. d4 Nc6 5. Nf3 Bg4 6. Be2 cxd4 7. cxd4 e6 8.
O-O Nf6 9. h3 Bh5 10. Nc3 Qd6 11. Be3 Be7 12. a3 O-O 13. Qb3 Rab8 14. Rfd1 Nd5
15. Ne4 Qc7 16. Rac1 Nf4 17. Bxf4 Qxf4 18. Ng3 Bxf3 19. Qxf3 Bg5 20. Rc5 Rfd8
21. d5 Qxf3 22. Bxf3 Be7 23. Rcc1 exd5 24. Rxd5 Bf6 1/2-1/2

[Event "World Youth Girls U18 2014"]
[Site "Durban RSA"]
[Date "2014.09.26"]
[Round "8.5"]
[White "Nandhidhaa, PV"]
[Black "Fischer, Julie"]
[Result "1-0"]
[WhiteElo "2144"]
[BlackElo "1960"]
[WhiteFideId "5050847"]
[BlackFideId "699969"]
[EventDate "2014.09.20"]

1. e4 c5 2. Nf3 Nc6 3. d4 cxd4 4. Nxd4 g6 5. c4 Bg7 6. Be3 Nf6 7. Nc3 d6 8. Be2
O-O 9. O-O Bd7 10. f3 Nxd4 11. Bxd4 a5 12. Qd2 Bc6 13. Rac1 Nd7 14. Be3 Nc5 15.
b3 Be5 16. Kh1 e6 17. Bg5 f6 18. Be3 f5 19. exf5 Rxf5 20. f4 Bxc3 21. Qxc3 Ne4
22. Qd3 Qh4 23. Kg1 Rd8 24. Bf3 Nf6 25. Bf2 Qh6 26. Bb6 Rd7 27. Qe2 e5 28. Bxc6
bxc6 29. fxe5 Rxe5 30. Qf3 Ne4 31. Be3 g5 32. Bd4 Re8 33. Qf5 Rde7 34. Rce1 Qe6
35. Qxa5 c5 36. Ba1 Qg4 37. Qb5 Qh5 38. Qc6 g4 39. Rf4 g3 40. hxg3 Nxg3 41. Rxe7
Rxe7 42. Qc8+ Re8 43. Rg4+ Kf8 44. Bg7+ Kf7 45. Qd7+ Re7 46. Rf4+ Kg6 47. Qxd6+
Kg5 48. Qf6# 1-0

[Event "World Youth Girls U18 2014"]
[Site "Durban RSA"]
[Date "2014.09.26"]
[Round "8.6"]
[White "Marikova, Jana"]
[Black "Nevioselaya, Maria"]
[Result "1-0"]
[WhiteElo "2188"]
[BlackElo "2024"]
[WhiteFideId "334138"]
[BlackFideId "13502280"]
[EventDate "2014.09.20"]

1. d4 d5 2. c4 c6 3. Nc3 Nf6 4. Nf3 a6 5. c5 g6 6. h3 Bg7 7. Bf4 O-O 8. e3 Nbd7
9. Bd3 Ne8 10. O-O Nc7 11. b4 f6 12. Qb3 e5 13. Bg3 Kh8 14. Be2 e4 15. Nd2 f5
16. Bd6 Rg8 17. a4 Ne6 18. b5 a5 19. bxc6 bxc6 20. Rab1 Re8 21. Rfc1 Qg5 22. Nf1
f4 23. Bg4 f3 24. Ng3 Nf6 25. gxf3 h5 26. Bxe6 Bxe6 27. fxe4 dxe4 28. Qd1 Bxh3
29. Bf4 Qh4 30. Nge2 g5 31. Bd6 Qg4+ 32. Ng3 Qc8 33. f3 exf3 34. Qxf3 Bg4 35.
Qf2 h4 36. Nf1 Bh3 37. Nh2 Qe6 38. Re1 Ra7 39. Nf3 Ne4 40. Nxe4 Qxe4 41. Nxg5
Qg4+ 42. Kh2 Qxg5 43. Kxh3 Bf6 44. Qf4 Qxf4 45. Bxf4 Rf7 46. Red1 Re4 47. Kg4
Bg7 48. Kf3 Re6 49. Rb8+ Kh7 50. Rh1 Bf6 51. Ra8 Bg5 52. Rg1 Bxf4 53. exf4 Rfe7
54. Rg5 Re3+ 55. Kg4 Rd3 56. Rh5+ Kg7 57. Rxh4 Rxd4 58. Rxa5 Rc4 59. Kf5 Rd4 60.
Rg4+ Kf7 61. Rg5 Ree4 62. Ra7+ Kf8 63. Rg4 Rxa4 64. Rxa4 Rxa4 65. Rg6 Ra6 66.
Rd6 Ke7 67. Ke5 Kf7 68. f5 Ke7 69. f6+ Kf7 70. Rd7+ 1-0

[Event "World Youth Girls U18 2014"]
[Site "Durban RSA"]
[Date "2014.09.26"]
[Round "8.7"]
[White "Utiatskaja, Irina"]
[Black "Mukhit, Aisezym"]
[Result "1-0"]
[WhiteElo "2047"]
[BlackElo "2059"]
[WhiteFideId "24140848"]
[BlackFideId "13706349"]
[EventDate "2014.09.20"]

1. e4 d6 2. d4 Nf6 3. Nc3 e5 4. Nf3 Nbd7 5. Bc4 Be7 6. O-O O-O 7. Re1 c6 8. a4
a5 9. Ba2 exd4 10. Nxd4 Nc5 11. h3 Re8 12. Qf3 Qb6 13. Nf5 Bxf5 14. Qxf5 Bf8 15.
Rb1 Re5 16. Qf4 Rae8 17. Be3 Qb4 18. f3 d5 19. Red1 Bd6 20. Qh4 Ne6 21. Kh1 c5
22. Bxd5 Nxd5 23. Nxd5 Qxa4 24. Nf6+ gxf6 25. Rxd6 Qxc2 26. Re1 Ng7 27. Rxf6 Rh5
28. Qf4 Rhe5 29. Qg3 Rh5 30. Bh6 Rxh6 31. Rxh6 Qxb2 32. Qh4 Qc3 33. Rd1 Qb3 34.
Rd8 Qb1+ 35. Kh2 Qb2 36. Rxh7 1-0

[Event "World Youth Girls U18 2014"]
[Site "Durban RSA"]
[Date "2014.09.26"]
[Round "8.8"]
[White "Parnali, S Dharia"]
[Black "Regam, Jessica"]
[Result "1-0"]
[BlackTitle "WFM"]
[WhiteElo "1919"]
[BlackElo "2031"]
[WhiteFideId "5043131"]
[BlackFideId "2033496"]
[EventDate "2014.09.20"]

1. g3 Nf6 2. Bg2 g6 3. e4 d6 4. Ne2 Bg7 5. d4 O-O 6. Bg5 h6 7. Bd2 c5 8. dxc5
dxc5 9. Nbc3 Nc6 10. Be3 Nd7 11. Qd2 Kh7 12. Rd1 Qa5 13. f4 Nb6 14. b3 Rd8 15.
Nd5 Qxa2 16. Bxc5 e6 17. Nc1 Qa5 18. Qxa5 Nxa5 19. Bxb6 axb6 20. Nxb6 Rxd1+ 21.
Kxd1 Rb8 22. e5 Bd7 23. Nxd7 Rd8 24. Nd3 Rxd7 25. Ke2 Bf8 26. Be4 b6 27. Rd1 Kg7
28. Nf2 Rxd1 29. Nxd1 b5 30. Nc3 b4 31. Na4 Be7 32. Ke3 Kf8 33. Kd4 Ke8 34. Nb6
Kd8 35. Nc4 Nxc4 36. bxc4 Kc7 37. c5 Bf8 38. Kc4 Bg7 39. Kxb4 Bh8 40. Kc4 Bg7
41. Kd4 Bf8 42. h4 h5 43. Kc4 Be7 44. Kb5 Bd8 45. Bc6 f6 46. exf6 Bxf6 47. Be8
e5 48. Bxg6 exf4 49. gxf4 Bxh4 50. Bxh5 Bg3 51. f5 Bh4 52. Kc4 Kd7 53. Kd5 Be7
54. c6+ Kc7 55. Bf3 Bh4 56. Ke6 Bg3 57. f6 Bd6 58. Be4 Bc5 59. Kf7 Bd4 60. Ke7
Bc5+ 61. Ke8 1-0

[Event "World Youth Girls U18 2014"]
[Site "Durban RSA"]
[Date "2014.09.26"]
[Round "8.9"]
[White "Navrotescu, Andreea-Cristiana"]
[Black "Dragieva, Denitza"]
[Result "1-0"]
[WhiteTitle "WFM"]
[BlackTitle "WFM"]
[WhiteElo "2208"]
[BlackElo "2066"]
[WhiteFideId "675946"]
[BlackFideId "2907232"]
[EventDate "2014.09.20"]

1. c4 e6 2. d4 d5 3. Nc3 c5 4. cxd5 exd5 5. Nf3 Nc6 6. dxc5 d4 7. Na4 Bxc5 8.
Nxc5 Qa5+ 9. Bd2 Qxc5 10. Rc1 Qb6 11. e3 Nge7 12. exd4 Bg4 13. Bc4 O-O 14. Bc3
Bxf3 15. Qxf3 Nxd4 16. Qg4 Rad8 17. O-O Qg6 18. Qxg6 hxg6 19. Rfe1 Nec6 20. a4
Rfe8 21. f4 Kf8 22. b4 Rxe1+ 23. Bxe1 a6 24. Kf2 Ne7 25. Rd1 Ndc6 26. Rxd8+ Nxd8
27. g4 Nec6 28. Ke3 Ke7 29. Bc3 f6 30. Bd3 Kf7 31. Ke4 Ne6 32. Bc4 Ke7 33. b5
axb5 34. axb5 Ncd8 35. Bb4+ Kd7 36. h4 Nf7 37. f5 gxf5+ 38. gxf5 Ned8 39. Kd5
Ne5 40. Be2 Ndf7 41. Bf8 g6 42. fxg6 Nxg6 43. Bg4+ Kc7 44. Bg7 Nxh4 45. Bxf6 Ng6
46. Bd4 Nd8 47. b6+ Kb8 48. Bf2 Ne7+ 49. Kc5 Ndc6 50. Bg3+ Ka8 51. Kd6 Kb8 52.
Kd7+ Ka8 53. Ke6 Nc8 54. Bf2 Kb8 55. Bf3 Ka8 56. Bg2 Kb8 57. Bh3 Ka8 58. Kd7
N8e7 59. Bg2 Nf5 60. Bxc6 bxc6 61. Kc7 1-0

[Event "World Youth Girls U18 2014"]
[Site "Durban RSA"]
[Date "2014.09.26"]
[Round "8.10"]
[White "Dziodzio, Angelika"]
[Black "Velikic, Adela"]
[Result "1/2-1/2"]
[WhiteElo "1991"]
[BlackElo "2175"]
[WhiteFideId "1170643"]
[BlackFideId "913553"]
[EventDate "2014.09.20"]

1. e4 c6 2. c4 d5 3. exd5 cxd5 4. cxd5 Nf6 5. Qa4+ Bd7 6. Qb3 Qc7 7. Nc3 a6 8.
Nf3 Bg4 9. Be2 Nbd7 10. d4 Rd8 11. Be3 Qb6 12. Qc2 Qa5 13. O-O Nxd5 14. Nxd5
Qxd5 15. Bc4 Qh5 16. Ng5 e6 17. f3 Bd6 18. g3 Bf5 19. Qe2 h6 20. g4 Qxh2+ 21.
Qxh2 Bxh2+ 22. Kxh2 hxg5+ 23. Kg3 Nb6 24. Bb3 Bd3 25. Rfe1 Nc4 26. Rad1 Nxe3 27.
Rxe3 Bb5 28. d5 Ke7 29. dxe6 f6 30. Rc1 Bc6 31. Rc2 Rd4 32. Bc4 Rc8 33. Bd3 Rd6
34. Bf5 Rcd8 35. b3 Rd2 36. Rec3 Rxc2 37. Rxc2 Rd4 38. a4 Rd6 39. Rh2 Rd8 40.
Rc2 Rd4 41. Kf2 g6 42. Bxg6 Kxe6 43. Bf5+ Kd6 44. Ke2 Bd5 45. Rc3 Rb4 46. Bc2
Ke5 47. Ke3 Rb6 48. Rc5 Kd6 49. Rc3 Rb4 50. Bd1 Ke5 51. Bc2 Rf4 52. Bd1 f5 53.
gxf5 Kxf5 54. Be2 Rb4 55. Bd1 Ke5 56. Bc2 Rh4 57. Rc8 Rb4 58. Rc5 Kd6 59. Rc3 g4
60. fxg4 Rxg4 61. Bd1 Rh4 62. Kd2 Rh2+ 63. Be2 Ke5 64. Rg3 Be6 65. Re3+ Kd6 66.
Kc3 Rh4 67. Bd3 Bd5 68. Rg3 Kc5 69. Rg5 Kd6 70. Rg6+ Kc5 71. Rg5 Kd6 72. Rg6+
Kc5 73. Rg5 Kd6 74. Rg6+ Kc5 1/2-1/2

[Event "World Youth Girls U18 2014"]
[Site "Durban RSA"]
[Date "2014.09.26"]
[Round "8.11"]
[White "Xiao, Yiyi"]
[Black "Grgic, Neomi"]
[Result "1-0"]
[WhiteTitle "WFM"]
[WhiteElo "2168"]
[BlackElo "1935"]
[WhiteFideId "8606161"]
[BlackFideId "14520842"]
[EventDate "2014.09.20"]

1. d4 Nf6 2. c4 e6 3. Nf3 b6 4. g3 Bb7 5. Bg2 Be7 6. O-O O-O 7. Nc3 Ne4 8. Qc2
Nxc3 9. Qxc3 d6 10. Rd1 Nd7 11. Qc2 Nf6 12. Bf4 Be4 13. Qc3 Qc8 14. b4 Qb7 15.
Ne1 Bxg2 16. Nxg2 Rfd8 17. a3 Rd7 18. Qb3 c5 19. d5 e5 20. Bg5 Nxd5 21. Rxd5
Bxg5 22. Rad1 Rad8 23. b5 f5 24. h4 Bf6 25. Qf3 g6 26. e4 Bg7 27. exf5 Rf8 28.
Ne3 Rdf7 29. g4 h5 30. g5 gxf5 31. Qxh5 Bh8 32. Rxd6 Rh7 33. Qg6+ Qg7 34. Qe6+
Qf7 35. g6 Rg7 36. Nxf5 Qxe6 37. Nh6# 1-0

[Event "World Youth Girls U18 2014"]
[Site "Durban RSA"]
[Date "2014.09.26"]
[Round "8.13"]
[White "Wafa, Shrook"]
[Black "Leonardi, Caterina"]
[Result "0-1"]
[WhiteTitle "WGM"]
[WhiteElo "2141"]
[BlackElo "1903"]
[WhiteFideId "10609970"]
[BlackFideId "14601036"]
[EventDate "2014.09.20"]

1. e4 e6 2. d4 d5 3. Nc3 Bb4 4. Ne2 dxe4 5. a3 Bxc3+ 6. Nxc3 Nc6 7. Bb5 Ne7 8.
Nxe4 Qd5 9. Qd3 O-O 10. Ng5 Nf5 11. O-O Qxd4 12. Qh3 h6 13. Nf3 Qf6 14. Bxc6
bxc6 15. Re1 Rd8 16. Bf4 Qxb2 17. Bxc7 Rd7 18. Be5 Qxc2 19. Rac1 Qa4 20. g4 Ne7
21. g5 f5 22. Qg2 h5 23. Rcd1 0-1

[Event "World Youth Girls U18 2014"]
[Site "Durban RSA"]
[Date "2014.09.26"]
[Round "8.14"]
[White "Schmalhorst, Sophia"]
[Black "Machlik, Monika"]
[Result "1/2-1/2"]
[WhiteElo "1903"]
[BlackElo "2005"]
[WhiteFideId "24682497"]
[BlackFideId "1513621"]
[EventDate "2014.09.20"]

1. e4 c6 2. d4 d5 3. exd5 cxd5 4. Bd3 Nc6 5. c3 Qc7 6. h3 g6 7. Nf3 Bg7 8. O-O
Nf6 9. Re1 O-O 10. Nbd2 Bf5 11. Bxf5 gxf5 12. Qe2 e6 13. Ne5 Ne7 14. Ndf3 Ng6
15. Nxg6 hxg6 16. Ne5 Ne4 17. f3 Nd6 18. Bf4 Qe7 19. Nd3 Nc4 20. Be5 b5 21. Bxg7
Kxg7 22. a3 a5 23. Qc2 Qd6 24. Qf2 Rfc8 25. Qe2 Rcb8 26. Qf2 Rc8 27. Qe2 1/2-1/2

[Event "World Youth Girls U18 2014"]
[Site "Durban RSA"]
[Date "2014.09.26"]
[Round "8.15"]
[White "Rodsmoen, Maud"]
[Black "Diederichs, Luise"]
[Result "1-0"]
[WhiteElo "1901"]
[BlackElo "1992"]
[WhiteFideId "1510550"]
[BlackFideId "24661597"]
[EventDate "2014.09.20"]

1. e4 c5 2. Nf3 d6 3. d4 cxd4 4. Nxd4 Nf6 5. Nc3 a6 6. Be3 e5 7. Nb3 Be6 8. f3
Be7 9. Qd2 O-O 10. O-O-O b5 11. g4 b4 12. Nd5 Bxd5 13. exd5 a5 14. Kb1 Na6 15.
Bb5 Nc7 16. Bc6 a4 17. Nc1 Qb8 18. g5 Nh5 19. Bxa8 Qxa8 20. Rhg1 Rb8 21. Rg4 Qa5
22. a3 Na6 23. Na2 f5 24. gxf6 Nxf6 25. axb4 Qc7 26. Rg2 Rb5 27. Qd3 Rxd5 28.
Qe2 Qb7 29. Rdg1 1-0

[Event "World Youth Girls U18 2014"]
[Site "Durban RSA"]
[Date "2014.09.26"]
[Round "8.17"]
[White "Mynzhasarova, Kamilla"]
[Black "Ichimura G. Barbosa, Larissa Y."]
[Result "1/2-1/2"]
[WhiteElo "1882"]
[BlackElo "1952"]
[WhiteFideId "13703668"]
[BlackFideId "2126753"]
[EventDate "2014.09.20"]

1. e4 e6 2. d4 d5 3. Nc3 Nf6 4. e5 Nfd7 5. Nf3 c5 6. Bb5 Nc6 7. Bxc6 bxc6 8. O-O
Qc7 9. Re1 Be7 10. Bf4 O-O 11. Qd2 Rb8 12. b3 Ba6 13. Ne2 cxd4 14. Nexd4 Qb6 15.
c3 Nc5 16. Be3 Ne4 17. Qc2 c5 18. Ne2 Bb7 19. Nf4 Ba6 1/2-1/2

[Event "World Youth Girls U18 2014"]
[Site "Durban RSA"]
[Date "2014.09.26"]
[Round "8.18"]
[White "Machlik, Edit"]
[Black "Domingos, Maria M"]
[Result "1-0"]
[WhiteElo "1929"]
[BlackElo "1737"]
[WhiteFideId "1513591"]
[BlackFideId "10100768"]
[EventDate "2014.09.20"]

1. d4 d5 2. c4 e6 3. Nc3 Bb4 4. e3 Nf6 5. Bd3 O-O 6. Nf3 c5 7. a3 Bxc3+ 8. bxc3
cxd4 9. cxd4 dxc4 10. Bxc4 b6 11. O-O Bb7 12. a4 Qc7 13. Bd3 Rc8 14. Bb2 Qd8 15.
Qe2 Nc6 16. Ba3 Ne7 17. Rfc1 Ned5 18. Qd2 Bc6 19. Rc4 Qd7 20. Ne5 Qe8 21. e4
Bxa4 1-0

[Event "World Youth Girls U18 2014"]
[Site "Durban RSA"]
[Date "2014.09.26"]
[Round "8.19"]
[White "Hiebler, Laura"]
[Black "Abdi, Zineb Dina"]
[Result "1/2-1/2"]
[BlackTitle "WIM"]
[WhiteElo "1901"]
[BlackElo "1911"]
[WhiteFideId "1617621"]
[BlackFideId "7900880"]
[EventDate "2014.09.20"]

1. e4 e5 2. Nf3 Nc6 3. Bb5 a6 4. Bxc6 dxc6 5. O-O f6 6. d4 exd4 7. Nxd4 c5 8.
Ne2 Qxd1 9. Rxd1 Bd6 10. Nbc3 Ne7 11. Bf4 Bxf4 12. Nxf4 Bd7 13. Rd2 O-O-O 14.
Rdd1 Rhe8 1/2-1/2